Diccionario de Filosofía

Spremljeno u:
Bibliografski detalji
Glavni autor: Ferrater Mora, José
Format: Knjiga
Jezik:Undetermined
Izdano: Buenos Aires, Argentina Editorial Sudamericana 1958
Izdanje:4
Teme:
Oznake: Dodaj oznaku
Bez oznaka, Budi prvi tko označuje ovaj zapis!

MARC

LEADER 00000nam a2200000Ia 4500
008 170316s9999 xx 000 0 und d
040 |a cru BVZT 
090 |a REF 
100 |a Ferrater Mora, José 
245 |a Diccionario de Filosofía 
250 |a 4 
260 |a Buenos Aires, Argentina 
260 |b Editorial Sudamericana 
260 |c 1958 
300 |a 1481 páginas 
650 |a REFERENCIA  |9 27 
942 |c REF  |2 z 
999 |c 14661  |d 14661